Smith's general urology (Record no. 34787)

MARC details
000 -LEADER
fixed length control field 00457nam a2200193Ia 4500
020 ## - INTERNATIONAL STANDARD BOOK NUMBER
ISBN 0838586074
050 ## - CALL MARK
Classification number RC 871 .S54/
100 ## - STATEMENT OF RESPONSIBILITY--MAIN AUTHOR NAME
Personal name Smith, Donald Ridgeway,
245 #0 - TITLE STATEMENT
Title Smith's general urology
250 ## - EDITION / VOLUME STATEMENT
Edition / Volume statement 15th ed.
260 ## - PUBLICATION, DISTRIBUTION, ETC. (IMPRINT)
Place of publication New York
260 ## - PUBLICATION, DISTRIBUTION, ETC. (IMPRINT)
Name of publisher Lange Medical Books/McGraw-Hill
260 ## - PUBLICATION, DISTRIBUTION, ETC. (IMPRINT)
Year of publication 2000
300 ## - PHYSICAL DESCRIPTION
Number of Pages 868 p
650 ## - SUBJECT ADDED ENTRY--TOPICAL TERM
Topical Term UROLOGY
942 ## - ADDED ENTRY ELEMENTS (KOHA)
Koha item type Books
Holdings
Withdrawn status Lost status Source of classification or shelving scheme Damaged status Not for loan Permanent Location Current Location Shelving location Date acquired Accession Number Price effective from Koha item type
    Library of Congress Classification     NILE UNIVERSITY OF NIGERIA - MAIN LIBRARY NILE UNIVERSITY OF NIGERIA - MAIN LIBRARY Items on shelf 04/23/2025 0184665 04/23/2025 Books